Widok standardowy
Widok MARC
Pozycja Personal Name
Liczba rekordów, w których użyto hasła: 1
001 - Numer kontrolny
- control field: 40335
003 - Identyfikator numeru kontrolnego
- control field: NUKAT
005 - Data i czas ostatniej modyfikacji
- control field: 20260421104817.0
008 - Dane kontrolne kodowane (40 znaków)
- fixed length control field: 061004n||a|znnaabn |a aaa |c
010 ## - Numer kontrolny Biblioteki Kongresu
- numer kontrolny LC: n 2006124951
024 7# - OTHER STANDARD IDENTIFIER
- Standard number or code: 108018249
- Source of number or code: viaf
024 7# - OTHER STANDARD IDENTIFIER
- Standard number or code: 000000007746105X
- Source of number or code: isni
040 ## - Instytucja sporządzająca rekord
- inst. przygot. dane do rek. khw: POZN U/AnK
- język haseł przedmiotowych/tezaurus: kaba
- inst. wprow. rek. khw: POZN U/AnK
100 1# - Hasło - nazwa osobowa
- nazwa osobowa w formie ujednoliconej: Jewdokimow, Dorota
- dopowiedzenie inne niż daty biograficzne: (kulturoznawstwo).
372 ## - Field of activity
- Field: Kultura.
- Auth control #: http://nukat.edu.pl/aut/s 97055191
- Source of term: kaba
670 ## - Źródło informacji
- źródło informacji: Kp. Teologia mistyczna Kościoła Wschodniego w twórczości F. M. Dostojewskiego [maszynopis] / Dorota Jewdokimow. - Poznań, 2006.
- gdzie znaleziono informację: (Uniwersytet im. Adama Mickiewicza w Poznaniu. Instytut Kulturoznawstwa)
670 ## - Źródło informacji
- źródło informacji: UAM'2006